Seattle Sounders FC Squad 2025 - Statistics

General Stats
  • This quiz has been taken 19 times
    17 since last reset
  • The average score is 19 of 30
Answer Stats
# Position Nation Player % Correct
16 DF El Salvador Álex Roldán
87%
26 GK United States Andrew Thomas
87%
7 MF United States Cristian Roldán
87%
25 DF United States Jackson Ragen
87%
13 FW United States Jordan Morris
87%
5 DF Cameroon Nouhou
87%
11 MF Slovakia Albert Rusnák
80%
19 FW United States Danny Musovski
80%
20 DF South Korea Kee-hee Kim
80%
18 MF Mexico Obed Vargas
73%
17 FW United States Paul Arriola
73%
10 FW Argentina Pedro de la Vega
73%
24 GK United States Stefan Frei
73%
95 FW Guyana Osaze De Rosario
67%
14 FW United States Paul Rothrock
67%
33 DF United States Cody Baker
60%
75 MF United States Danny Leyva
60%
93 FW Ivory Coast Georgi Minoungou
60%
85 DF United States Kalani Kossa-Rienzi
60%
77 FW England Ryan Kent
60%
28 DF Colombia Yeimar Gómez Andrade
60%
- Coach United States Brian Schmetzer
53%
9 FW United States Jesús Ferreira
53%
15 DF Jamaica Jon Bell
53%
21 MF United States Reed Baker-Whiting
53%
6 MF Brazil João Paulo
47%
29 GK United States Jacob Castro
33%
39 DF United States Stuart Hawkins
27%
4 DF United States Leo Burney
13%
3 DF United States Travian Sousa
7%
No matching quizzes found
Score Distribution
Percent of People with Each Score
Percentile by Number Answered
Your Score History
You have not taken this quiz since the last reset